[Event "Open Nuevo Centro. Jornada 3"]
[Site "Chess.com"]
[Date "2020.07.03"]
[Round "4"]
[White "Reig Albero, Ferran"
[Black "Gil L�pez, Alejandro"
[Result "0-1"]
[WhiteElo "1821"]
[BlackElo "2153"]
[PlyCount "46"]
[EventDate "2020.??.??"]
1. e4 c5 2. Nf3 g6 3. d4 cxd4 4. Nxd4 Bg7 5. Nc3 Nc6 6. Be3 Nf6 7. Bc4 O-O 8.
Bb3 d6 9. h3 Bd7 10. O-O Rc8 11. f4 Na5 12. e5 dxe5 13. fxe5 Nh5 14. e6 Nxb3
15. exd7 Rxc3 16. bxc3 Nxa1 17. Qxa1 Qxd7 18. Qb2 Qc7 19. Nb5 Qg3 20. Bf2 Qg5
21. Bxa7 Nf4 22. g4 Nxh3+ 23. Kh2 Qxg4 0-1

[Event "Open Nuevo Centro. Jornada 3"]
[Site "Chess.com"]
[Date "2020.07.03"]
[Round "4"]
[White "Colomer Martinez, Isabel"
[Black "Montesinos Diaz, Luis"
[Result "0-1"]
[WhiteElo "1257"]
[BlackElo "1856"]
[PlyCount "48"]
[EventDate "2020.??.??"]
1. e4 g6 2. Nf3 Bg7 3. Nc3 d6 4. b3 c5 5. Bb2 Nc6 6. Bc4 e6 7. O-O Nge7 8. Re1
O-O 9. a4 d5 10. exd5 exd5 11. Bb5 Be6 12. Bxc6 Nxc6 13. Ng5 Qxg5 14. Nb5 Bxb2
15. Rb1 Bg7 16. Nc7 Bh3 17. g3 Nd4 18. c3 Bg4 19. Qc1 Nf3+ 20. Kf1 Nxh2+ 21.
Kg2 Bf3+ 22. Kg1 Ng4 23. Nxa8 Qh5 24. Kf1 Qh1# 0-1

[Event "Open Nuevo Centro. Jornada 3"]
[Site "Chess.com"]
[Date "2020.07.03"]
[Round "4"]
[White "Donate Moreno, David"
[Black "Ferrando Lacruz, Nicol�s "
[Result "1-0"]
[WhiteElo "1540"]
[BlackElo "1022"]
[PlyCount "51"]
[EventDate "2020.??.??"]
1. e4 e5 2. Nf3 d6 3. Bc4 Nc6 4. c3 Bg4 5. d4 Nf6 6. d5 Ne7 7. Qc2 g6 8. Bg5
Bg7 9. h3 Bxf3 10. gxf3 O-O 11. Nd2 a5 12. h4 a4 13. Bxf6 Bxf6 14. h5 gxh5 15.
O-O-O c6 16. Rxh5 a3 17. Rg1+ Ng6 18. Rgh1 axb2+ 19. Kb1 cxd5 20. exd5 b5 21.
Bb3 e4 22. Rxh7 exf3 23. R1h6 b4 24. Rxg6+ fxg6 25. Qxg6+ Bg7 26. Qxg7# 1-0

[Event "Open Nuevo Centro. Jornada 3"]
[Site "Chess.com"]
[Date "2020.07.03"]
[Round "4"]
[White "Cebolla Ruiz, David"
[Black "Valero Martinez, �scar"
[Result "1-0"]
[WhiteElo "1547"]
[BlackElo "1149"]
[PlyCount "103"]
[EventDate "2020.??.??"]
1. e4 e5 2. Nf3 Nc6 3. Bb5 Nf6 4. Bxc6 Nxe4 5. Bxe4 Bc5 6. Nxe5 O-O 7. O-O Qh4
8. d3 d6 9. Nf3 Bg4 10. Nxh4 Bxd1 11. Rxd1 Rae8 12. Nc3 c6 13. Be3 Bb4 14. d4
d5 15. Bf3 Re7 16. a3 Ba5 17. b4 Bc7 18. Bg5 Re6 19. Re1 Rd6 20. Be7 Rfd8 21.
Bxd6 Bxd6 22. Nf5 g6 23. Nxd6 Rxd6 24. Re8+ Kg7 25. Rae1 Rf6 26. R8e7 Rf4 27.
Rxb7 Rxd4 28. Ree7 Kh6 29. Rxf7 Rd2 30. Rxh7+ Kg5 31. h4+ Kf4 32. Rhf7+ Ke5 33.
Rbe7+ Kd6 34. Rd7+ Ke6 35. Rde7+ Kd6 36. Ne4+ dxe4 37. Rd7+ Ke6 38. Rfe7+ Kf5
39. Rxd2 exf3 40. gxf3 Kf4 41. Rf7+ Ke5 42. Re2+ Kd5 43. Rd7+ Kc4 44. Re4+ Kb5
45. Rb7+ Ka6 46. Ree7 c5 47. c4 cxb4 48. axb4 g5 49. Rxa7+ Kb6 50. Reb7+ Kc6
51. Rh7 g4 52. Rh6# 1-0

[Event "Open Nuevo Centro. Jornada 3"]
[Site "Chess.com"]
[Date "2020.07.03"]
[Round "4"]
[White "Fern�ndez Martin, Carlos"
[Black "Benday�n Claros, Aaron"
[Result "0-1"]
[WhiteElo "1616"]
[BlackElo "1857"]
[PlyCount "60"]
[EventDate "2020.??.??"]
1. e4 d5 2. exd5 Qxd5 3. Nc3 Qa5 4. d4 c6 5. Nf3 Nf6 6. Bc4 Bf5 7. Bd2 Qc7 8.
O-O e6 9. Ne5 Be7 10. f4 O-O 11. h4 h5 12. Ne2 b5 13. Bb3 Ne4 14. Be3 Bxh4 15.
Nc3 g6 16. Nxe4 Bxe4 17. g4 hxg4 18. Qxg4 Bf6 19. Kf2 Kg7 20. Rg1 Nd7 21. Rad1
Bf5 22. Qg3 Rh8 23. Nf3 c5 24. dxc5 Nxc5 25. Ng5 Bxg5 26. Bd4+ Bf6 27. Bxf6+
Kxf6 28. Qg5+ Kg7 29. Kf1 Ne4 30. Qg2 Bh3 0-1

[Event "Open Nuevo Centro. Jornada 3"]
[Site "Chess.com"]
[Date "2020.07.03"]
[Round "4"]
[White "Mart�nez Cuenca, Jose Andr�s"
[Black "Rabbani Perez, Oumaima "
[Result "1-0"]
[WhiteElo "1009"]
[BlackElo "636"]
[PlyCount "57"]
[EventDate "2020.??.??"]
1. e4 e5 2. Nf3 Nf6 3. Nxe5 Nxe4 4. Qe2 Ng5 5. Nc6+ Qe7 6. Nxe7 Bxe7 7. Nc3 Nc6
8. Nd5 O-O 9. Nxe7+ Nxe7 10. Qxe7 Ne6 11. Bc4 Nd4 12. Qe4 Nxc2+ 13. Qxc2 Re8+
14. Kf1 d6 15. Qd3 Be6 16. Bb3 g6 17. Bxe6 fxe6 18. b3 Rad8 19. Bb2 Rf8 20. Qd4
e5 21. Qd5+ Kg7 22. f4 Kf6 23. Ke2 Kf5 24. fxe5 dxe5 25. Qxe5+ Kg4 26. h3+ Kh4
27. Qe4+ Kg5 28. Qe3+ Kf5 29. Rhf1# 1-0

[Event "Open Nuevo Centro. Jornada 3"]
[Site "Chess.com"]
[Date "2020.07.03"]
[Round "4"]
[White "Perrot, Fabien "
[Black "Chofre Murcia, Adri�n"
[Result "0-1"]
[WhiteElo "976"]
[BlackElo "1477"]
[PlyCount "62"]
[EventDate "2020.??.??"]
1. d4 f5 2. c4 e6 3. Nc3 Nf6 4. Bg5 c6 5. e3 d5 6. Bxf6 Qxf6 7. Nf3 Nd7 8. Be2
Bb4 9. Qb3 Bxc3+ 10. bxc3 b6 11. O-O O-O 12. Rfe1 a5 13. Rab1 a4 14. Qc2 dxc4
15. Bxc4 b5 16. Bd3 Bb7 17. a3 Rab8 18. c4 Ba6 19. c5 Qe7 20. h3 g6 21. g4 Kh8
22. Kg2 Rf7 23. Qc3 Kg8 24. Rb2 Nf6 25. Ne5 Nd5 26. Nxc6 Nxc3 27. Nxe7+ Rxe7
28. Rc2 Nd5 29. c6 Rc7 30. Rec1 Kf7 31. f3 Nxe3+ 0-1

[Event "Open Nuevo Centro. Jornada 3"]
[Site "Chess.com"]
[Date "2020.07.03"]
[Round "4"]
[White "Valero Artagoitia, Sara"
[Black "Maestre Soler, Sergio"
[Result "0-1"]
[WhiteElo "548"]
[BlackElo "884"]
[PlyCount "58"]
[EventDate "2020.??.??"]
1. e4 e5 2. Nf3 Bc5 3. Bc4 h6 4. h3 Nc6 5. d3 Nf6 6. O-O O-O 7. a3 Nd4 8. b4
Nxf3+ 9. Qxf3 Bd4 10. c3 Bb6 11. d4 exd4 12. cxd4 Bxd4 13. Ra2 d6 14. Bxh6 gxh6
15. Qg3+ Kh7 16. e5 dxe5 17. Qxe5 Bxe5 18. Rd2 Qe7 19. Bd3+ Kh8 20. Be2 Bxh3
21. gxh3 Qe6 22. Bg4 Nxg4 23. Rd3 Nxf2 24. Rxf2 Qxh3 25. Rxh3 Rg8+ 26. Rg2
Rxg2+ 27. Kxg2 Rd8 28. Rg3 Kh7 29. Rg4 Rg8 0-1

[Event "Open Nuevo Centro. Jornada 3"]
[Site "Chess.com"]
[Date "2020.07.03"]
[Round "4"]
[White "Carbonell Bofill, Carlos Eloy"
[Black "Gerona Maura, Jesus"
[Result "0-1"]
[WhiteElo "1973"]
[BlackElo "1801"]
[PlyCount "68"]
[EventDate "2020.??.??"]
1. d4 d5 2. Nf3 Nf6 3. Bg5 Ne4 4. Be3 c6 5. Nbd2 g6 6. Nxe4 dxe4 7. Ng5 Bg7 8.
Nxe4 Bf5 9. Ng3 Be6 10. c3 O-O 11. Qd2 Re8 12. Bh6 Bh8 13. h4 c5 14. dxc5 Qxd2+
15. Bxd2 Na6 16. Be3 Rac8 17. Ne4 Bf5 18. Ng3 Be6 19. h5 Nxc5 20. hxg6 fxg6 21.
Bxc5 Rxc5 22. e3 Rxc3 23. bxc3 Bxc3+ 24. Ke2 Bxa1 25. a3 Bc4+ 26. Kf3 Rf8+ 27.
Kg4 Be6+ 28. Kg5 Kg7 29. Ne4 Rf5+ 30. Kh4 Rh5+ 31. Kg3 Rxh1 32. Be2 Be5+ 33. f4
Bd6 34. Ng5 Bb3 0-1

[Event "Open Nuevo Centro. Jornada 3"]
[Site "Chess.com"]
[Date "2020.07.03"]
[Round "4"]
[White "Campos Gambuti, Luis Mar�a"
[Black "Segarra Martinez, Axel"
[Result "1-0"]
[WhiteElo "2501"]
[BlackElo "2231"]
[PlyCount "55"]
[EventDate "2020.??.??"]
1. d4 Nf6 2. Nc3 d5 3. Bg5 Nbd7 4. Qd3 e6 5. e4 dxe4 6. Nxe4 Be7 7. Nxf6+ Nxf6
8. Nf3 O-O 9. Be2 b6 10. O-O h6 11. Be3 Bb7 12. Rad1 Rc8 13. Ne5 c5 14. dxc5
Qxd3 15. Nxd3 bxc5 16. c4 Rfd8 17. f3 Bd6 18. Nxc5 Bxc5 19. Rxd8+ Rxd8 20. Bxc5
Rd2 21. Bd1 Rxb2 22. Bb3 a5 23. Rd1 Bc6 24. Bd4 Re2 25. Kf1 Bxf3 26. gxf3 Rxh2
27. Bg1 Rh5 28. Rd8+ 1-0

[Event "Open Nuevo Centro. Jornada 3"]
[Site "Chess.com"]
[Date "2020.07.03"]
[Round "4"]
[White "Camison Zornoza, Cesar"
[Black "Marques Montolio, Luis"
[Result "0-1"]
[WhiteElo "1704"]
[BlackElo "1241"]
[PlyCount "92"]
[EventDate "2020.??.??"]
1. e4 d5 2. exd5 Qxd5 3. Nc3 Qa5 4. d4 c6 5. Bc4 Bf5 6. Nge2 e6 7. O-O Nf6 8.
Ng3 Bg6 9. Re1 Be7 10. Re5 Qc7 11. Qe1 O-O 12. Bb3 Nbd7 13. Re2 b5 14. Nce4
Nxe4 15. Nxe4 Nf6 16. Nxf6+ Bxf6 17. c3 a5 18. Bc2 Bxc2 19. Rxc2 c5 20. dxc5
Qxc5 21. Be3 Qc7 22. Rd2 Rad8 23. Rad1 Rxd2 24. Rxd2 Rd8 25. Qd1 Rxd2 26. Qxd2
Qd8 27. Qxd8+ Bxd8 28. b3 Kf8 29. Kf1 Ke7 30. Ke2 Kd6 31. Kd3 f5 32. g3 h6 33.
h4 g5 34. hxg5 hxg5 35. c4 bxc4+ 36. bxc4 e5 37. f4 exf4 38. gxf4 g4 39. a4 g3
40. Ba7 Kc6 41. Bg1 Be7 42. Kc3 Bc5 43. Kd3 Bxg1 44. Ke2 Kc5 45. Kf3 Bf2 46.
Ke2 Kxc4 0-1

[Event "Open Nuevo Centro. Jornada 3"]
[Site "Chess.com"]
[Date "2020.07.03"]
[Round "4"]
[White "Remolar Gallen, Jose"
[Black "Valverde Caballero, Rafael"
[Result "1-0"]
[WhiteElo "2317"]
[BlackElo "1865"]
[PlyCount "71"]
[EventDate "2020.??.??"]
1. d4 Nf6 2. c4 e6 3. Nf3 d5 4. Nc3 Bb4 5. Bg5 h6 6. Bh4 O-O 7. e3 Nbd7 8. cxd5
exd5 9. Qb3 Bxc3+ 10. bxc3 c6 11. Be2 Qb6 12. O-O Ne4 13. Rfc1 g5 14. Bg3 Nxg3
15. hxg3 Nf6 16. Bd3 Re8 17. Ne5 Ng4 18. Nxg4 Bxg4 19. c4 Be6 20. c5 Qc7 21.
Rab1 Rab8 22. Bc2 Qd7 23. Qd3 f5 24. f4 b5 25. Kf2 Kg7 26. Rh1 Rh8 27. Rh2 a5
28. Rbh1 Qe7 29. Ke1 Rbe8 30. Kd2 Bc8 31. Rh5 Kg6 32. g4 Qe4 33. Qe2 Qe7 34.
fxg5 hxg5 35. Rxh8 Rxh8 36. Rxh8 1-0

[Event "Open Nuevo Centro. Jornada 3"]
[Site "Chess.com"]
[Date "2020.07.03"]
[Round "4"]
[White "Gracia Calvo, Andr�s"
[Black "Miranda Calvo, Max Rodrigo"
[Result "1-0"]
[WhiteElo "1771"]
[BlackElo "1235"]
[PlyCount "55"]
[EventDate "2020.??.??"]
1. d4 d5 2. Nf3 Bg4 3. Ne5 Bf5 4. Bf4 f6 5. Nf3 Bg4 6. e3 Nc6 7. Be2 e5 8. dxe5
Bxf3 9. Bxf3 fxe5 10. Bg3 e4 11. Be2 Be7 12. O-O Nf6 13. c4 O-O 14. cxd5 Nxd5
15. Qb3 Kh8 16. Rd1 Rf5 17. Nc3 Ncb4 18. Nxe4 c6 19. a3 Na6 20. Nc3 Qa5 21.
Nxd5 cxd5 22. Rac1 Raf8 23. Bf3 b6 24. Rxd5 Rxd5 25. Qxd5 Qxd5 26. Bxd5 Nc5 27.
b4 Nd3 28. Rc7 1-0

[Event "Open Nuevo Centro. Jornada 3"]
[Site "Chess.com"]
[Date "2020.07.03"]
[Round "4"]
[White "Rodriguez Rodriguez, Joan David "
[Black "Albentosa Ferrada, Adrian"
[Result "1-0"]
[WhiteElo "1588"]
[BlackElo "1144"]
[PlyCount "77"]
[EventDate "2020.??.??"]
1. d4 d5 2. c4 c6 3. cxd5 cxd5 4. Bf4 Nf6 5. Nc3 Nc6 6. e3 Bf5 7. Bd3 Bxd3 8.
Qxd3 e6 9. Rc1 Nb4 10. Qb5+ Qd7 11. Qxd7+ Nxd7 12. a3 Nd3+ 13. Kd2 Nxc1 14.
Kxc1 Nf6 15. Nb5 Rc8+ 16. Kd1 Be7 17. Bd6 a6 18. Bxe7 axb5 19. Bb4 Ne4 20. Nh3
h6 21. Rf1 Ng5 22. Nf4 f6 23. h4 Ne4 24. Nxe6 Rc6 25. Nxg7+ Kf7 26. Nf5 Rc4 27.
f3 Ng3 28. Nxg3 Rg8 29. Nf5 Rxg2 30. Nd6+ Ke7 31. Nxc4+ Ke6 32. Nd2 Kf5 33. Ke1
h5 34. Rf2 Rxf2 35. Kxf2 b6 36. e4+ dxe4 37. fxe4+ Kf4 38. Ke2 f5 39. e5 1-0

[Event "Open Nuevo Centro. Jornada 3"]
[Site "Chess.com"]
[Date "2020.07.03"]
[Round "4"]
[White "Tormos Beltran, Maite"
[Black "Sanchis Bon, Sergi"
[Result "1-0"]
[WhiteElo "1452"]
[BlackElo "940"]
[PlyCount "87"]
[EventDate "2020.??.??"]
1. d4 e5 2. dxe5 Nc6 3. Nf3 g5 4. Bxg5 Be7 5. Bxe7 Ngxe7 6. Nc3 Nf5 7. e4 Nfe7
8. Qd2 Ng6 9. Qd5 Nge7 10. Qd2 d6 11. exd6 Qxd6 12. Nd5 Nxd5 13. exd5 Qe7+ 14.
Be2 Ne5 15. O-O-O Nxf3 16. Bxf3 Qd6 17. Rhe1+ Kf8 18. a3 b5 19. Qb4 Qxb4 20.
axb4 a5 21. d6 cxd6 22. Bxa8 axb4 23. Rxd6 Kg7 24. Re3 f6 25. Rg3+ Kf7 26. Bd5+
Ke7 27. Rb6 Ke8 28. Rxb5 Bd7 29. Rxb4 Ke7 30. Rg8 Rxg8 31. Bxg8 Bc6 32. Bxh7
Bxg2 33. Be4 Bh3 34. c4 Bd7 35. c5 Be6 36. c6 Bc8 37. c7 Kd7 38. Rc4 Kd6 39. b3
Ke5 40. Bh1 Kf5 41. Rc5+ Ke6 42. Rc6+ Kd7 43. Rxf6 Kxc7 44. h4 1-0

[Event "Open Nuevo Centro. Jornada 3"]
[Site "Chess.com"]
[Date "2020.07.03"]
[Round "4"]
[White "Morata Briones, Carlos"
[Black "Zamora Soler, Raul"
[Result "0-1"]
[WhiteElo "887"]
[BlackElo "1780"]
[PlyCount "76"]
[EventDate "2020.??.??"]
1. e4 c5 2. Bc4 e6 3. Nf3 Nc6 4. O-O Nf6 5. Nc3 Be7 6. d3 O-O 7. h3 a6 8. e5
Ne8 9. d4 b5 10. Bd3 Nxd4 11. Be4 Nc6 12. Bxc6 dxc6 13. Qe2 Qc7 14. Nh2 c4 15.
Qg4 Qxe5 16. Bh6 Qf6 17. Bg5 Qxg5 18. Ne2 Qxg4 19. Nxg4 Bf6 20. Nxf6+ Nxf6 21.
Rfd1 Nd5 22. Nc3 Bd7 23. Rd2 Rad8 24. Rad1 f5 25. g3 Kf7 26. h4 Ke7 27. Kg2 Bc8
28. b3 Nxc3 29. Rxd8 Rxd8 30. Rxd8 Kxd8 31. a4 cxb3 32. cxb3 bxa4 33. bxa4 Nxa4
34. Kf3 e5 35. Ke3 Nb6 36. Kd3 c5 37. Kc3 Be6 38. Kd3 a5 0-1

[Event "Open Nuevo Centro. Jornada 3"]
[Site "Chess.com"]
[Date "2020.07.03"]
[Round "4"]
[White "Cantero Navarro, Antonio"
[Black "Birnoveanu, Petru"
[Result "1-0"]
[WhiteElo "1863"]
[BlackElo "1666"]
[PlyCount "55"]
[EventDate "2020.??.??"]
1. e4 Nc6 2. d4 e5 3. Nf3 exd4 4. Nxd4 Bc5 5. Nb3 Bb6 6. Nc3 a5 7. Nd5 Ba7 8.
Qg4 g6 9. Qg3 d6 10. Qc3 f6 11. Bb5 Bd7 12. O-O Kf7 13. Kh1 Ne5 14. Bxd7 Qxd7
15. Qxc7 Qxc7 16. Nxc7 Rc8 17. Nb5 Bb8 18. c3 a4 19. N3d4 Ne7 20. f4 N5c6 21.
a3 Nxd4 22. Nxd4 Nc6 23. Be3 Na5 24. Rae1 Rhe8 25. Bc1 Nc6 26. Nb5 Re7 27. Re2
Rce8 28. Rfe1 1-0

[Event "Open Nuevo Centro. Jornada 3"]
[Site "Chess.com"]
[Date "2020.07.03"]
[Round "4"]
[White "Acevedo Noguera, Sara"
[Black "Mart�nez Cuenca, Adri�n "
[Result "1-0"]
[WhiteElo "762"]
[BlackElo "745"]
[PlyCount "73"]
[EventDate "2020.??.??"]
1. d4 d5 2. c4 dxc4 3. e4 g6 4. Bxc4 f5 5. exf5 g5 6. Bxg5 h6 7. Bf4 h5 8. Be5
Qxd4 9. Qxd4 e6 10. Bxh8 Nh6 11. fxe6 Bb4+ 12. Nc3 Bxe6 13. Bxe6 Nd7 14. Bxd7+
Kd8 15. Be6+ Ke7 16. Qxb4+ Kxe6 17. Qd4 Rf8 18. Bg7 Rf7 19. Bxh6 Rf6 20. Bg7
Rxf2 21. Kxf2 Kf5 22. Qd7+ Kf4 23. Qxc7+ Kg4 24. Qxb7 a5 25. Qa7 a4 26. Nxa4 h4
27. Rc1 h3 28. gxh3+ Kf4 29. Ke1 Ke4 30. Nf3 Kxf3 31. Nc3 Kf4 32. Ne4 Kxe4 33.
Be5 Kxe5 34. Rc5+ Kf6 35. Qa6+ Kg7 36. Rc7+ Kg8 37. Qa8# 1-0

[Event "Open Nuevo Centro. Jornada 3"]
[Site "Chess.com"]
[Date "2020.07.03"]
[Round "4"]
[White "Lloret Ramis, Juan Jos�"
[Black "G�mez Alonso, �scar"
[Result "1-0"]
[WhiteElo "1986"]
[BlackElo "1782"]
[PlyCount "61"]
[EventDate "2020.??.??"]
1. c4 c5 2. Nc3 e6 3. Nf3 Nf6 4. g3 d5 5. cxd5 exd5 6. d4 Nc6 7. Bg2 Be6 8. O-O
Be7 9. dxc5 Bxc5 10. Bg5 Be7 11. Nd4 O-O 12. Rc1 Rc8 13. Ncb5 a6 14. Nxc6 bxc6
15. Na7 Rc7 16. Nxc6 Qd7 17. Nxe7+ Qxe7 18. Bxf6 gxf6 19. Rxc7 Qxc7 20. Bxd5
Rd8 21. e4 f5 22. Qh5 Bxd5 23. Qg5+ Kf8 24. exd5 Rxd5 25. Rc1 Rc5 26. Rd1 f6
27. Qxf6+ Ke8 28. Re1+ Kd7 29. Re7+ Kc8 30. Rxc7+ Rxc7 31. Qxf5+ 1-0

[Event "Open Nuevo Centro. Jornada 3"]
[Site "Chess.com"]
[Date "2020.07.03"]
[Round "4"]
[White "Pardo Ruiz, Beatriz"
[Black "Deusa Ballesteros, Luis Miguel"
[Result "0-1"]
[WhiteElo "977"]
[BlackElo "1502"]
[PlyCount "84"]
[EventDate "2020.??.??"]
1. e4 d5 2. exd5 Nf6 3. Nc3 Nxd5 4. Nxd5 Qxd5 5. Nf3 Bg4 6. Be2 Nc6 7. O-O e5
8. h3 Bh5 9. d3 O-O-O 10. Bg5 f6 11. Be3 g5 12. Nd2 Bxe2 13. Qxe2 h5 14. Rad1
g4 15. hxg4 hxg4 16. Qxg4+ Kb8 17. Rfe1 Be7 18. Qf3 Qe6 19. Nb3 Rh7 20. Kf1
Rdh8 21. Ke2 f5 22. Bd2 f4 23. Qe4 Qg4+ 24. Qf3 Qe6 25. c3 Rh2 26. g3 fxg3 27.
Qxg3 R8h3 28. Qg7 Bh4 29. Rg1 Rxf2+ 30. Ke1 Rf7+ 31. Ke2 Rh2+ 32. Ke3 Rxg7 33.
Rxg7 Qh6+ 34. Ke4 Qxg7 35. Rf1 Qg4+ 36. Kd5 Qg2+ 37. Ke6 Qxf1 38. Kd7 Qf5+ 39.
Ke8 Qe6+ 40. Kf8 Be7+ 41. Kg7 Rg2+ 42. Kh7 Qh3+ 0-1

[Event "Open Nuevo Centro. Jornada 3"]
[Site "Chess.com"]
[Date "2020.07.03"]
[Round "4"]
[White "Sampedro Roig, Josep Francesc"
[Black "Barber�n P�rez, Guillermo"
[Result "1-0"]
[WhiteElo "1833"]
[BlackElo "1633"]
[PlyCount "69"]
[EventDate "2020.??.??"]
1. e4 c5 2. Nf3 d6 3. d4 cxd4 4. c3 dxc3 5. Nxc3 Nf6 6. Bc4 e6 7. Bb3 Nc6 8.
O-O Be7 9. h3 a6 10. Be3 b5 11. a3 Bb7 12. Re1 Qc7 13. Rc1 O-O 14. Qe2 Na5 15.
Nxb5 Qd7 16. Nbd4 e5 17. Qd2 exd4 18. Qxa5 dxe3 19. Rc7 exf2+ 20. Kxf2 Qd8 21.
Ng5 Rc8 22. Rec1 Nxe4+ 23. Nxe4 Bxe4 24. Bxf7+ Rxf7+ 25. Kg1 d5 26. Rxc8 Rf8
27. Rxd8 Bxd8 28. Qxa6 Rf6 29. Qc8 Rf8 30. Qe6+ Kh8 31. Kh1 Bg5 32. Rc8 Bd8 33.
Qd6 Re8 34. Rxd8 Bxg2+ 35. Kxg2 1-0

[Event "Open Nuevo Centro. Jornada 3"]
[Site "Chess.com"]
[Date "2020.07.03"]
[Round "4"]
[White "Mart�nez Carvajal, Juan Francisco"
[Black "Luque Saiz, Andr�s"
[Result "0-1"]
[WhiteElo "1738"]
[BlackElo "1952"]
[PlyCount "74"]
[EventDate "2020.??.??"]
1. Nf3 d5 2. c4 c6 3. b3 Nf6 4. g3 Bf5 5. Bg2 e6 6. O-O h6 7. Bb2 Be7 8. d3
Nbd7 9. Nbd2 Bh7 10. Rc1 O-O 11. Rc2 a5 12. cxd5 exd5 13. Qa1 Re8 14. Re1 Nf8
15. Ne5 Ne6 16. e4 a4 17. a3 axb3 18. Nxb3 Qb6 19. Nd4 Bxa3 20. Nxe6 Bxb2 21.
Qxb2 Qxb2 22. Rxb2 Rxe6 23. f4 dxe4 24. dxe4 Re7 25. Reb1 Nxe4 26. Rxb7 Rae8
27. Nxc6 Rxb7 28. Rxb7 Nf6 29. Kf2 Ng4+ 30. Kg1 Re1+ 31. Bf1 Bd3 32. Kg2 Bxf1+
33. Kf3 Nxh2+ 34. Kf2 Re2+ 35. Kg1 Rg2+ 36. Kh1 Nf3 37. Rb1 Rh2# 0-1

[Event "Open Nuevo Centro. Jornada 3"]
[Site "Chess.com"]
[Date "2020.07.03"]
[Round "4"]
[White "Martinez Hernandez, Paula"
[Black "Cruz LLedo, Pablo"
[Result "0-1"]
[WhiteElo "2038"]
[BlackElo "2538"]
[PlyCount "102"]
[EventDate "2020.??.??"]
1. e4 c6 2. Nc3 d5 3. Nf3 Bg4 4. h3 Bxf3 5. Qxf3 e6 6. d4 dxe4 7. Qxe4 Nf6 8.
Qd3 Nbd7 9. Bg5 Bd6 10. O-O-O Qc7 11. g3 h6 12. Bd2 O-O-O 13. f4 c5 14. dxc5
Nxc5 15. Qf3 a6 16. Bg2 Rd7 17. Be3 Rhd8 18. g4 Be7 19. Rxd7 Ncxd7 20. Rd1 Bc5
21. Ne4 Bxe3+ 22. Qxe3 Nd5 23. Qa7 Qxf4+ 24. Kb1 Qb8 25. Qd4 Qe5 26. Qa7 N7f6
27. Nc5 Qb8 28. Qxb8+ Kxb8 29. Re1 Kc7 30. c4 Nf4 31. Bxb7 Nd7 32. Nxd7 Rxd7
33. Bxa6 Nxh3 34. Rf1 Ng5 35. b4 Ne4 36. Re1 f5 37. gxf5 exf5 38. c5 g5 39. a4
g4 40. Be2 Rd4 41. b5 Rxa4 42. b6+ Kc6 43. Bd3 Kxc5 44. b7 Rb4+ 45. Kc2 Rxb7
46. Bxe4 fxe4 47. Rxe4 Rg7 48. Kd2 Kd5 49. Ra4 g3 50. Ke2 g2 51. Ra5+ Kc4 0-1

[Event "Open Nuevo Centro. Jornada 3"]
[Site "Chess.com"]
[Date "2020.07.03"]
[Round "4"]
[White "Vega Guti�rrez, Sabrina"
[Black "Pallardo Lozoya, Jose Vicente"
[Result "1-0"]
[WhiteElo "2162"]
[BlackElo "2214"]
[PlyCount "73"]
[EventDate "2020.??.??"]
1. e4 c6 2. d4 d5 3. e5 c5 4. dxc5 e6 5. a3 Bxc5 6. b4 Bb6 7. Bb2 Ne7 8. Nf3
Bd7 9. Bd3 Nbc6 10. O-O Ng6 11. Re1 Rc8 12. Nbd2 a6 13. c4 Nce7 14. c5 Bc7 15.
Nf1 O-O 16. Ng3 Nc6 17. Qd2 Nh4 18. Ng5 h6 19. Nh3 Ne7 20. Nh5 Neg6 21. Qe3 Nf5
22. Bxf5 exf5 23. e6 Bxe6 24. Nxg7 d4 25. Qxh6 Qh4 26. Nh5 Qxh5 27. Qxh5 Rfd8
28. Rad1 Kf8 29. Bxd4 Ke8 30. Bf6 Rxd1 31. Rxd1 Nf8 32. Ng5 Bf4 33. Nxe6 Nxe6
34. Qh8+ Nf8 35. Bg7 Ke7 36. Re1+ Kd7 37. Bxf8 1-0

[Event "Open Nuevo Centro. Jornada 3"]
[Site "Chess.com"]
[Date "2020.07.03"]
[Round "4"]
[White "Kovacevic, Slobodan"
[Black "Bercaru, Vlad Ionut"
[Result "1-0"]
[WhiteElo "2107"]
[BlackElo "1754"]
[PlyCount "91"]
[EventDate "2020.??.??"]
1. d4 Nf6 2. Nf3 g6 3. Bg5 Bg7 4. Nbd2 O-O 5. c3 d6 6. e4 b6 7. Bd3 Bb7 8. O-O
h6 9. Bh4 g5 10. Bg3 Nh5 11. Re1 Nxg3 12. hxg3 Nd7 13. Qe2 e5 14. d5 a5 15. b3
a4 16. b4 Qc8 17. Rac1 c5 18. dxc6 Bxc6 19. Red1 Nf6 20. Nc4 Qc7 21. Nfd2 d5
22. exd5 Nxd5 23. Na3 f5 24. Bc4 Kh8 25. Nf1 Rad8 26. Bxd5 Bxd5 27. Ne3 Be4 28.
Nb5 Qb7 29. Nd6 Qa8 30. Qc4 Rd7 31. Nxe4 Rxd1+ 32. Rxd1 Qxe4 33. Qxe4 fxe4 34.
c4 Rc8 35. a3 Bf8 36. Rd5 Bg7 37. Kf1 Kg8 38. g4 Kf7 39. Rd6 Rb8 40. Ke2 Bf8
41. Rc6 Kg7 42. Nd5 Kh7 43. Rxb6 Kg8 44. Rxb8 Kf7 45. Rb6 Be7 46. Ke3 1-0

[Event "Open Nuevo Centro. Jornada 3"]
[Site "Chess.com"]
[Date "2020.07.03"]
[Round "4"]
[White "Lopez Mateo, Juan Carlos"
[Black "Aguado, Pablo Luis"
[Result "1/2-1/2"]
[WhiteElo "2031"]
[BlackElo "1816"]
[PlyCount "78"]
[EventDate "2020.??.??"]
1. e4 e5 2. Nf3 Nf6 3. Nxe5 d6 4. Nf3 Nxe4 5. Nc3 Nxc3 6. dxc3 Be7 7. Be3 O-O
8. Qd2 Nd7 9. O-O-O Nf6 10. Bd3 c5 11. Kb1 Be6 12. Ng5 Bd7 13. Rhe1 b5 14. Ne4
Nxe4 15. Bxe4 Rc8 16. Bf4 Be6 17. Bxd6 Bxd6 18. Qxd6 Qa5 19. Bd5 Bxd5 20. Qxd5
b4 21. c4 Qb6 22. h4 a5 23. Qd6 Qb7 24. Rd5 a4 25. Re7 Qa8 26. Qg3 a3 27. b3
Rfe8 28. Rde5 Rxe7 29. Rxe7 Re8 30. Qe3 Rxe7 31. Qxe7 g6 32. f3 Qc8 33. Qe4 Qd7
34. Kc1 Qd8 35. Qe5 Qxh4 36. Qb8+ Kg7 37. Qe5+ Kg8 38. Qe8+ Kg7 39. Qe5+ Kg8
1/2-1/2

[Event "Open Nuevo Centro. Jornada 3"]
[Site "Chess.com"]
[Date "2020.07.03"]
[Round "4"]
[White "Garc�a Gim�nez, Santiago"
[Black "Conejero Mart�nez, V�ctor"
[Result "1-0"]
[WhiteElo "1839"]
[BlackElo "1426"]
[PlyCount "83"]
[EventDate "2020.??.??"]
1. e4 c5 2. Nf3 Nc6 3. Bb5 Nf6 4. e5 Ng4 5. Qe2 d6 6. Bxc6+ bxc6 7. exd6 Qxd6
8. h3 Nf6 9. O-O Bf5 10. d3 e6 11. Na3 Be7 12. Nc4 Qc7 13. a4 O-O 14. a5 Nd7
15. a6 Bg6 16. b3 Bf6 17. Ra2 Bh5 18. g4 Bg6 19. Kg2 Bc3 20. h4 h6 21. h5 Bh7
22. Bd2 Bd4 23. Ba5 Qb8 24. Re1 Nf6 25. Nxd4 cxd4 26. Ra4 Re8 27. Ne5 Qd6 28.
Rc4 c5 29. Bd2 Nd5 30. Nf3 Nf4+ 31. Bxf4 Qxf4 32. Ne5 f5 33. Qf3 Qd2 34. Re2
Qg5 35. Qg3 fxg4 36. Qxg4 Qf6 37. Nd7 Qf7 38. Nxc5 Rf8 39. Nxe6 Bf5 40. Qg3
Bxe6 41. Rc7 Qe8 42. Qxg7# 1-0

[Event "Open Nuevo Centro. Jornada 3"]
[Site "Chess.com"]
[Date "2020.07.03"]
[Round "4"]
[White "Valverde Alcaide, Miguel Alejandro"
[Black "Fitzpatrick Dimas  , Andrew "
[Result "1/2-1/2"]
[WhiteElo "862"]
[BlackElo "1034"]
[PlyCount "78"]
[EventDate "2020.??.??"]
1. e4 e5 2. Nf3 Nc6 3. d4 exd4 4. Nxd4 Nxd4 5. Qxd4 Qe7 6. Nc3 c5 7. Nd5 Qd8 8.
Qe5+ Be7 9. Nc7+ Kf8 10. Nxa8 Qa5+ 11. Bd2 Qa4 12. Bc3 f6 13. Qc7 Qxe4+ 14. Be2
Qc6 15. Qxc6 bxc6 16. O-O Bd6 17. Rfd1 Ke7 18. g3 Bb7 19. Re1 Bxa8 20. Bh5+ Kd8
21. Re8+ Kc7 22. Rxa8 Kb7 23. Re8 g6 24. Bg4 h5 25. Bxd7 Kc7 26. Bh3 g5 27.
Ba5+ Kb7 28. Rae1 Ka6 29. Bg2 Kxa5 30. Bxc6 Ka6 31. R1e6 g4 32. Rxd6 Kb6 33.
Ba4+ Kc7 34. Red8 a5 35. R8d7+ Kc8 36. Rd8+ Kb7 37. R8d7+ Kc8 38. Rd8+ Kc7 39.
R8d7+ Kc8 1/2-1/2